1332 1873 1966 1460 1966 1233 1164 1412 1640 1696 1063 1274 1553 1229 1558 1908 1693 1292 1236 1797 1170 1169 1628 1548 1057 1438 1666 1674 1927 1897 1613 1375 1584 1964 1420 1022 1790 1926 1773 1685 1717 1952 1836 1602 1528 1246 1302 1446 1289 1708 1170 1300 1922 1377 1700 1524 1185 1800 1099 1783 1901 1769 1651 1090 1625 1650 1527 1755 1176 1142 1195 1293 1141 1401 1495 1870 1213 1599 1854 1804 1486 1274 1403 1462 1161 1455 1271 1737 1842 1655 1323 1733 1162 1399 1019 1494 1656 1520 1797 BCNSPRNW ULIB Ver.6.0+V

เปลี่ยนเป็นภาษาไทย

Change to English
 แสดงรายละเอียดบรรณานุกรม
  กลับหน้าหลัก

Brief Record : Get Marc (ISO 2709) : E-mail record : QR code < ปิดหน้าต่าง
LEADER : 00000nam 2200000uu 4500
001    13399115008
003     ULIB
008    120629s2541||||th 000 0 tha d
020    9789742307332
090    นว.^bก713ป
100 0  กฤษณา อโศกสิน
245 00 ประตูที่ปิดตาย
250    พิมพ์ครั้งที่ 5
260    กรุงเทพฯ:^bประพันธ์สาส์น,^c2541
945    ^p95^l0^i014090
999 ^a ใช้งานได้ทุกระบบ
รายการนี้ยังไม่มีแท็ก
คุณยังไม่ได้ล็อกอิน คุณสามารถมีกิจกรรมร่วมกับเว็บไซต์ได้ แต่ต้องล็อกอินก่อน ::
  ล็อกอิน

รายการสื่อสารสนเทศ

ลำดับที่ ประเภท เลขเรียก/บาร์โค้ด สถานที่ สถานะ
1. นวนิยาย
นวนิยาย
นว. ก713ป  
  Barcode: 014090
ห้องสมุดวิทยาเขตสวรรค์ประชารักษ์
►นวนิยาย
บนชั้น
  ขอยืม

รายการใกล้เคียง
    ผู้แต่ง [กฤษณา อโศกสิน]

BibComment


ยังไม่เคยถูกคอมเมนท์

คอมเมนท์ทรัพยากรรายการนี้
  คอมเมนท์: ประตูที่ปิดตาย


 Copyright 2026. Bcnsprnw @Library